00344nam a2200133Ia 4500008004100000041001200041082001600053100001800069245006200087250000800149260003600157300001000193650000700203221030s9999 xx 000 0 und d aEnglish a105.23bAga aR. K. Agarwal 0aPrinciples of Electrical Machine Designcby R. K. Agarwal a4th bS.K Kataria & SonsaDelhic2006 a16.31 aEE